00451nam a2200157Ia 450000500170000000800410001708200130005810000150007124500250008626000320011130000120014365000180015594200060017395200990017999900150027820250508061107.0240331s9999 xx 000 0 und d bSupa891 aSuppiah, N 0aAval thani maramalla aKandybAkilam Achagamc1997 a100 p., aShort Stories cL 001040708LaWERCLbWERCLcSSCd2024-03-31l0o 894.811 Supp4483r2024-03-31w2024-03-31yL c5487d5487